| 000 | 00344nam a22001337a 4500 | ||
|---|---|---|---|
| 008 | 250228b |||||||| |||| 00| 0 eng d | ||
| 020 | _a9780323427944 | ||
| 100 | _aLeonard Peggy | ||
| 245 | _aBuilding a Medical Vocabulary with Spanish Translations | ||
| 250 | _a10th | ||
| 260 |
_aSt. Louis _bElsevier _c2018 |
||
| 300 | _aix,710p | ||
| 942 | _cBK | ||
| 999 |
_c2019 _d2019 |
||